01893nam a2200397 a 4500001001200000003000800012006001900020007001500039008004100054040002100095035002100116043001200137050002600149245032200175260006000497300003200557490003700589500015000626500002100776533015200797610004100949610002400990650002901014650002701043650002701070650002101097650003301118651003901151651002901190655002901219710004901248710001701297830003801314856012601352999001701478ebr10300235CaPaEBRm u cr cn|||||||||090805s2005 dcua s 000 0 eng d aCaPaEBRcCaPaEBR a(OCoLC)535146839 aa-tu---14aHG1206.5b.T87 2005eb00aTurkeyh[electronic resource] :brequest for stand-by arrangement and extension of repurchase expectations : staff report, staff supplements, press release on the Executive Board discussion, and statement by the Executive Director for Turkey /c[prepared by the European Dept. in consultation with other departments]. aWashington, D.C. :bInternational Monetary Fund,c2005. a115, 13, 2, 4, 5 p. :bill.1 aIMF country report ;vno. 05/412 a"Prepared by a staff team of the International Monetary Fund as background documentation for the periodic consultation with this member country." a"November 2005." aElectronic reproduction.bPalo Alto, Calif. :cebrary,d2013.nAvailable via World Wide Web.nAccess may be limited to ebrary affiliated libraries.20aInternational Monetary FundzTurkey.20aWorld BankzTurkey. 0aMonetary policyzTurkey. 0aDebts, PubliczTurkey. 0aFiscal policyzTurkey. 0aFinancezTurkey. 0aEconomic assistancezTurkey. 0aTurkeyxEconomic conditionsy1960- 0aTurkeyxEconomic policy. 7aElectronic books.2local2 aInternational Monetary Fund.bEuropean Dept.2 aebrary, Inc. 0aIMF country report ;vno. 05/412.40uhttp://site.ebrary.com/lib/rucke/Doc?id=10300235zAn electronic book accessible through the World Wide Web; click to view c66397d66397